| 000 | 00738cam a22002295a 4500 | ||
|---|---|---|---|
| 006 | a||||f |||| 00| 0 | ||
| 008 | 090805s2002 njuad||fr|||| 00| 0 eng d | ||
| 010 | _a 2001041418 | ||
| 020 | _a0130622214 (pbk.) | ||
| 020 | _a9780130622211 | ||
| 020 | _a0130646571 (CD- Rom) | ||
| 082 | 0 | 0 |
_a005.133 _bDEI _222 |
| 245 | 0 | 0 |
_aC+ : _bHow to Program / _cH.M. Deitel ... [et. al.]. |
| 260 |
_aUpper Saddle River, N.J. : _bPrentice Hall, _c2002. |
||
| 300 |
_alvi, 1568 p. : _bill. ; _c23 cm. + _e1 CD-ROM (4 3/4 in.) |
||
| 650 | 0 |
_aC _a (Computer program language) _98361 _2BUEsh |
|
| 651 | _2BUEsh | ||
| 653 |
_bCOMSCI _cAugust2015 |
||
| 655 |
_vtext book _933728 |
||
| 700 | 1 |
_aDeitel, Harvey M., _d1945- _98362 |
|
| 942 |
_cBB _k005.133 DEI _2ddc |
||
| 999 |
_c481 _d481 |
||